Teachers for the disadvantaged ; the report of the School-University Teachers-Education Project of the Research Council of the Great Cities Program for School Improvement in cooperation with Northwestern University /

Bibliographic Details
Corporate Author: School-University Teacher-Education Project
Other Authors: Usdan, Michael D., Bertolaet, Frederick
Format: Book
Language:English
Published: Chicago : Follett Pub. Co., [1966]
Subjects:

MARC

Tag First Indicator Second Indicator Subfields
LEADER 00000cam a2200000 4500
001 in00000056128
005 20151008052401.0
008 720103s1966 ilu b 00000 eng u
010 |a  66017670  
035 |a (OCoLC)00189653 
035 |9 AAH3081AM 
040 |c WSU  |d TXA  |d UtOrBLW 
049 |a TXAM  |c [466874] 
050 0 |a LC5131  |b .S37 
092 |a 371.96  |b S372t, 1966 
110 2 |a School-University Teacher-Education Project. 
245 1 0 |a Teachers for the disadvantaged ;  |b the report of the School-University Teachers-Education Project of the Research Council of the Great Cities Program for School Improvement in cooperation with Northwestern University /  |c Edited and compiled by Michael D. Usdan, dircetor, and Frederick Bertolaet. 
264 1 |a Chicago :  |b Follett Pub. Co.,  |c [1966] 
300 |a xv, 240 pages 
336 |a text  |b txt  |2 rdacontent 
337 |a unmediated  |b n  |2 rdamedia 
338 |a volume  |b nc  |2 rdacarrier 
504 |a Includes bibliographical references. 
650 0 |a Education, Urban. 
650 0 |a Children with social disabilities  |x Education. 
700 1 |a Usdan, Michael D. 
700 1 |a Bertolaet, Frederick. 
999 |a MARS 
999 f f |s 33c96cb5-171d-3847-bdec-f66e7379f9ef  |i 85352b30-8dc4-3a1f-862c-8d5f37ad5b8b  |t 0 
952 f f |p normal  |a Texas A&M University  |b College Station  |c Sterling C. Evans Library  |d Evans: Library Stacks  |t 0  |e LC5131 .S37  |h Library of Congress classification  |i unmediated -- volume  |m A14800847679 
998 f f |a LC5131 .S37  |t 0  |l Evans: Library Stacks